000 01082nam a2200181 a 4500
001 47353
005 20180714031253.0
008 140415s1999 mx 000 0 spa d
020 _a9688633097
041 _aspa
082 _a972.04
_bMOR
245 0 3 _aEL CONSERVADURISMO MEXICANO EN EL SIGLO XIX
250 _a1a ed.
260 _aMEXICO :
_bBENEMERITA UNIVERSIDAD AUTONOMA DE PUEBLA,
_c1999
300 _a216
_c16.7 x 1.7 x 21.7
520 _aEL CONSERVADURISMO MEXICANO DEL SIGLO DIECINUEVE CONTINUA SIENDO, CURIOSAMENTE UNO DE LOS GRANDES TABUES O AGUJEROS NEGROS DE LA HISTORIA MEXICANA. POCOS HAN SIDO LOS ESTUDIOS SERIOS QUE SE HAN REALIZADO SOBRE EL MOVIMIENTO CONSERVADOR Y EL PENSAMIENTO TRADICIONALISTA MEXICANO DEL SIGLO PASADO, Y LOS POCOS TRABAJOS QUE EXISTEN, HAN TENDIDO A CATALOGAR DICHA VERTIENTE POLITICA DENTRO DE UNA FILOSOFIA REACCINARIA Y ANTIBILATERAL, CUYAS TESIS PRINCIPALES HAN SIDO CONDENADAS DESDE EL PRIN
650 1 4 _aIDEOLOGIA
_xMEXICO
_xHISTORIA
_xSIGLO XIX
_xPOLITICA
_xMEXICO
_xHISTORIA
_xSIGLO XIX
_xCONSERVADURISMO
_xMXICO
_xHISTORIA
999 _c47353
_d47353